Financial and actuarial statistics : an introduction

Αποθηκεύτηκε σε:
Λεπτομέρειες βιβλιογραφικής εγγραφής
Κύριος συγγραφέας: Borowiak, Dale S. 1952-
Μορφή: Βιβλίο
Γλώσσα:English
Δημοσίευση: New York : Marcel Dekker, c2003
Σειρά:Statistics, textbooks and monographs ; ; 167
Θέματα:
Ετικέτες: Προσθήκη ετικέτας
Δεν υπάρχουν, Καταχωρήστε ετικέτα πρώτοι!

MARC

LEADER 00000nam a2200000 i 4500
001 1/72025
008 080123s2003 eng d
020 |a 0-8247-4270-2 
035 |l 10094043 
040 |a GR-MY-UA  |b gre  |e aacr 
041 0 |a eng 
082 0 |a 332.015195  |2 (22) 
100 1 |a Borowiak, Dale S.  |d 1952- 
245 1 0 |a Financial and actuarial statistics :  |b an introduction /  |c Dale S. Borowiak 
260 |a New York :   |b Marcel Dekker,   |c c2003 
300 |a xi, 330 σ.;  |b εικ.;  |c 24 εκ. 
490 1 |a Statistics, textbooks and monographs  |v ; 167 
504 |a Περιέχει βιβλιογραφικές παραπομπές (σ. 319-324) και ευρετήριο 
650 0 0 |a Finance  |x Statistical methods. 
650 0 0 |a Insurance  |x Statistical methods. 
650 0 0 |a Finance  |x Mathematical models. 
650 0 0 |a Insurance  |x Mathematical models. 
830 0 |a Statistics, textbooks and monographs ;  |v ; 167 
852 |a INST  |b SAMOS  |e 20080123  |h 332.015195 BOR  |p 005300027334  |q 005300027334  |t BK  |y 0 
901 |a BIBL3-2008-1 
909 |a Σ  |b 143468 
922 |a 3ΕΛΗ  |b 200712  |c ΕΠΕΑΕΚ2/ΤΣΑΕ  |d ΕΛΕΥΘΕΡΟΥΔΑΚΗΣ 
970 |a ΡΟΥΣΣΟΥ  |b ΚΩΝΣΤΑΝΤΙΝΑ  |z 2008/01/23